| 000 | 00560cam a22001457a 4500 | ||
|---|---|---|---|
| 008 | 180718b2013 xxu||||| |||| 00| 0 eng d | ||
| 082 | _aL69x54 Se55 | ||
| 100 | _aSen, Tapas K. and Dash, Santosh K. | ||
| 245 |
_aFiscal Imbalances and Indebtedness across Indian States: Recent Trends _cBy. Tapas K. Sen and Santosh K. Dash |
||
| 260 |
_aNew Delhi _bNational Institute of public finance and policy _c2013 |
||
| 300 | _a23p. | ||
| 650 | _aIntergovernmental fiscal relations -- India | ||
| 650 | _aFederal government -- India | ||
| 650 | _aFinance, Public -- India | ||
| 999 |
_c503157 _d503157 |
||